000 00374nam a22001457a 4500
020 _a9780070634190
082 _a519.062
_bRAM/HI
100 _aRamana B.V.
_91237
245 _aHigher Engineering Mathematics
250 _a1
260 _aNew Delhi
_bTata McGraw Hill Education Private Limited
_c2014
300 _a33.21
490 _aCore Engineering Series
942 _cBBS
999 _c14707
_d14707